| 000 | 01568cam a22003374a 4500 | ||
|---|---|---|---|
| 001 | 11928079 | ||
| 005 | 20040621181258.0 | ||
| 008 | 000302s2001 nyua b 001 0 eng | ||
| 010 | _a 00028972 | ||
| 020 | _a0471510599 (cloth : alk. paper) | ||
| 020 | _a9780471510598 (cloth : alk. paper) | ||
| 040 |
_aDLC _cDLC _dDLC |
||
| 042 | _apcc | ||
| 050 | 0 | 0 |
_aTA460 _b.M4437 2001 |
| 082 | 0 | 0 |
_a620.166 _222 _bMET |
| 245 | 0 | 0 |
_aMetal Fatigue in Engineering / _cby Ralph I. Stephens ... [et al.]. |
| 250 | _a2nd ed. | ||
| 260 |
_aNew York : _bWiley, _cc2001. |
||
| 300 |
_axxi, 472 p. : _bill. ; _c24 cm. |
||
| 504 | _aIncludes bibliographical references and indexes. | ||
| 650 | 0 |
_aMetals _xFatigue. _928018 |
|
| 653 |
_bMec _cDecember2011 |
||
| 700 | 1 |
_aStephens, R. I. _q(Ralph Ivan) _928019 |
|
| 700 | 1 |
_aFuchs, H. O. _q(Henry Otten), _d1907- _tMetal fatigue in engineering. _928020 |
|
| 856 | 4 | 2 |
_3Contributor biographical information _uhttp://www.loc.gov/catdir/bios/wiley042/00028972.html |
| 856 | 4 | 2 |
_3Publisher description _uhttp://www.loc.gov/catdir/description/wiley034/00028972.html |
| 856 | 4 |
_3Table of Contents _uhttp://www.loc.gov/catdir/toc/onix06/00028972.html |
|
| 942 |
_2ddc _cBB |
||
| 999 |
_c16302 _d16302 |
||